La Belgique en images - Statistiques

Statistiques générales
  • Ce quiz a été pris 18 632 fois
  • Le résultat moyen est 11 sur 18
Statistiques - réponses
Par images Hint Réponse % Correct
Personnage de fiction Tintin
99%
Spécialité Moules-frites
98%
Boisson Bière
92%
Langue(s) Flamand
87%
Sculpture Manneken Pis
76%
Ville Bruges
75%
Monument Atomium
72%
Chanteur Jacques Brel
71%
Bataille Waterloo
69%
Acteur Jean-Claude Van Damme
62%
Roi Léopold II
56%
Personnage de fiction Hercule Poirot
51%
Artiste René Magritte
50%
Fleuve Meuse
42%
Romancière Amélie Nothomb
37%
Ville Dinant
28%
Institution Commission européenne
25%
Maison d'édition Dupuis
16%
Aucun quiz correspondant
Distribution des résultats
% des personnes avec chaque résultat
Percentile par nombre de réponses
Votre historique - résultats
Vous n’avez pas pris ce quiz